Państwa Reprezentowane w MotoGP - Statystyki

Ogólne statystyki
  • Ten quiz został rozwiązany 32 razy
  • Średni wynik to 30 z 48
Statystyki odpowiedzi
Kontynent Państwo % Poprawnych
Hiszpania
96%
Niemcy (RFN)
93%
Polska
93%
Włochy
89%
Oceania Australia
82%
Czechy
82%
Francja
82%
Japonia
82%
Europa Austria
79%
USA
79%
Wielka Brytania
79%
Brazylia
75%
Nowa Zelandia
75%
Słowacja
75%
Szwecja
75%
Belgia
71%
Holandia
71%
Irlandia
71%
Kanada
71%
Norwegia
71%
RPA
71%
Ameryka Płn i Płd Argentyna
68%
Dania
68%
Finlandia
68%
Azja Indie
68%
Kolumbia
68%
Grecja
64%
Szwajcaria
64%
Węgry
64%
Maroko
61%
Afryka Algieria
57%
Chile
57%
NRD
57%
Urugwaj
57%
Wenezuela
57%
Czechosłowacja
54%
Jugosławia
50%
Luksemburg
50%
ZSRR
50%
San Marino
46%
Malezja (również Borneo Płn.)
43%
Malta
36%
Wyspa Man
32%
Kenia (wtedy Bryt. Afryka Wschodnia)
29%
Zimbabwe (wtedy Rodezja)
14%
Gibraltar
11%
Guernsey
7%
Sri Lanka
7%
Nie znaleziono quizów pasujących do podanych kryteriów
Rozkład punktacji
Procent ludzi z każdym wynikiem
Percentyl według liczby udzielonych odpowiedzi
Twoja historia wyników
Nie rozwiązałeś tego quizu